000 00782nam a22001815i 4500
001 160747
003 ES-MaACL
005 20230906212123.0
008 041014s1891 fr a |||| | fre d
040 _aCAM
_bspa
_cCAM
245 0 0 _aNomenclature des boulevards, quaids, rues, passages, squares & edifices indiqués sur le plan de Paris
_b: accompagnée de la liste des omnibus et des tramways, de la liste de tramways-nord, de la liste des tramways-sud.
260 _aParis :
_bMaison Logerot, J. Gaultier éditeur,
_c[s.a.]
300 _a36 p., [1] h. pleg. de mapa ;
_c16 cm.
599 _aLa h. de mapa pleg. plano a color de Paris de 1891.
651 4 _aParis-
_vMapas.
_9137293
651 4 _aParis-
_xCalles.
_9137295
852 _aES-MaACL
_jC-287
_z-- Enc. tela con hierros
999 _c160747
_d160747